00182nam a2200073Ia 4500082001200000245002800012100002700040008004100067 aAF VANR 0aHuis teen die skuinste  a Van Rooyen, Marietjie210817s9999 xx 000 0 und d